The Second World War, 1939-45 : (Record no. 181407)
[ view plain ]
| 000 -LEADER | |
|---|---|
| fixed length control field | 01086 a2200181 4500 |
| 003 - CONTROL NUMBER IDENTIFIER | |
| control field | Nust |
| 005 - DATE AND TIME OF LATEST TRANSACTION | |
| control field | 20230131133946.0 |
| 040 ## - CATALOGING SOURCE | |
| Transcribing agency | Nust |
| 082 ## - DEWEY DECIMAL CLASSIFICATION NUMBER | |
| Classification number | 940.546,FUL |
| 100 ## - MAIN ENTRY--PERSONAL NAME | |
| Personal name | Fuller, J. F. C. |
| 9 (RLIN) | 37121 |
| 245 ## - TITLE STATEMENT | |
| Title | The Second World War, 1939-45 : |
| Remainder of title | a strategical and tactical history / |
| Statement of responsibility, etc. | J. F. C. Fuller. |
| 260 ## - PUBLICATION, DISTRIBUTION, ETC. | |
| Place of publication, distribution, etc. | New York, |
| Name of publisher, distributor, etc. | Meredith Press |
| Date of publication, distribution, etc. | [1968] |
| 300 ## - PHYSICAL DESCRIPTION | |
| Extent | 431 p. illus., |
| Other physical details | maps, plans. 22 cm. |
| 505 ## - FORMATTED CONTENTS NOTE | |
| Formatted contents note | Background of the War (Page-17), German Initiative, Its Initial Successes and failure (Page-47), Change of the German Line of Operations (Page-90), Japanese Initiative Its Initial Successes and Failure (Page-127), Loss of German Initiative (Page-154), Loss of Japanese Initiative (Page-188), Establishment of Allied Initiative in the West (Page-220), Initiative of the Two Fronts (Page-260), Consummation of Allied Initiative in Europe (Page-321), Consummation of Allied Initiative in the Pacific (Page-365), Foreground of the War (Page-398). |
| 600 ## - SUBJECT ADDED ENTRY--PERSONAL NAME | |
| Personal name | by J. F. C. Fuller |
| 9 (RLIN) | 108248 |
| 650 ## - SUBJECT ADDED ENTRY--TOPICAL TERM | |
| Topical term or geographic name entry element | The Second World War, 1939-45: |
| 9 (RLIN) | 108249 |
| 942 ## - ADDED ENTRY ELEMENTS (KOHA) | |
| Source of classification or shelving scheme | |
| Koha item type | Book |
| Withdrawn status | Lost status | Source of classification or shelving scheme | Damaged status | Not for loan | Permanent Location | Current Location | Shelving location | Date acquired | Full call number | Barcode | Date last seen | Price effective from | Koha item type | Public note |
|---|---|---|---|---|---|---|---|---|---|---|---|---|---|---|
| Military College of Signals (MCS) | Military College of Signals (MCS) | General Stacks | 12/12/2016 | 940.546,FUL | MCS29341 | 12/08/2016 | 12/12/2016 | Book | Almirah No.60, Shelf No.3 |
